Keeping warm communally (Record no. 82737)
[ view plain ]
| 000 -LEADER | |
|---|---|
| fixed length control field | 01145cab a22002415a 4500 |
| 001 - CONTROL NUMBER | |
| control field | L151240 |
| 008 - FIXED-LENGTH DATA ELEMENTS--GENERAL INFORMATION | |
| fixed length control field | 101011e20100625xxk 000 0 eng d |
| 035 ## - SYSTEM CONTROL NUMBER | |
| System control number | (Sirsi) u151240 |
| 041 0# - LANGUAGE CODE | |
| Language code of text/sound track or separate title | eng |
| 100 1# - MAIN ENTRY--PERSONAL NAME | |
| Personal name | Roberts, Nicholas |
| 245 00 - TITLE STATEMENT | |
| Title | Keeping warm communally |
| 260 ## - PUBLICATION, DISTRIBUTION, ETC. | |
| Date of publication, distribution, etc. | 2010 |
| 490 ## - SERIES STATEMENT | |
| Series statement | New Law Journal |
| Volume/sequential designation | 25 June 2010 |
| 520 ## - SUMMARY, ETC. | |
| Summary, etc. | Individual leaseholders wishing to introduce home energy conservation measures such as loft insulation and cavity wall insullation face impinging on the part of the property vested in the landlord. Identifies problems faced by the leaseholder and ground landlord. Suggests that some landlords' costs could be covered by service charge provision but dependant upon the terms of the lease. Outlines solutions for varying the terms of a lease under Landlord and Tenant Act 1987. |
| 590 ## - LOCAL NOTE (RLIN) | |
| Local note | KA |
| 650 24 - SUBJECT ADDED ENTRY--TOPICAL TERM | |
| Topical term or geographic name entry element | LANDLORD AND TENANT ACT 1987 |
| 650 24 - SUBJECT ADDED ENTRY--TOPICAL TERM | |
| Topical term or geographic name entry element | LLOYDS BANK LTD V BOWKER OXFORD |
| 650 24 - SUBJECT ADDED ENTRY--TOPICAL TERM | |
| Topical term or geographic name entry element | WANDSWORTH LBC V GRIFFIN AND ANOTHER |
| 650 24 - SUBJECT ADDED ENTRY--TOPICAL TERM | |
| Topical term or geographic name entry element | MULLANEY V MAYBOURNE GRANGE (CROYDON) MANAGEMENT CO LTD |
| 651 #4 - SUBJECT ADDED ENTRY--GEOGRAPHIC NAME | |
| Geographic name | ENGLAND AND WALES |
| 690 ## - LOCAL SUBJECT ADDED ENTRY--TOPICAL TERM (OCLC, RLIN) | |
| Topical term or geographic name as entry element | Residential property |
| 9 (RLIN) | 6266 |
| 942 ## - ADDED ENTRY ELEMENTS (KOHA) | |
| Suppress in OPAC | 0 |
| Withdrawn status | Lost status | Source of classification or shelving scheme | Damaged status | Not for loan | Home library | Current library | Shelving location | Date acquired | Total Checkouts | Full call number | Barcode | Date last seen | Copy number | Price effective from | Koha item type |
|---|---|---|---|---|---|---|---|---|---|---|---|---|---|---|---|
| Dewey Decimal Classification | London | London | Journal article | 11/10/2010 | ONLINE PUBLICATION | 151240-1001 | 06/08/2019 | 1 | 06/08/2019 | Journal article |